Films de vampires par images - Statistiques

Statistiques générales
  • Ce quiz a été pris 74 fois
  • Le résultat moyen est 7 sur 18
Statistiques - réponses
Par images Réponse % Correct
Twilight
96%
Dracula
82%
Hôtel Transylvanie
79%
Nosferatu
72%
Entretien avec un vampire
67%
Blade
52%
Van Helsing
49%
Une nuit en enfer
34%
Le Bal des vampires
28%
Morbius
25%
Buffy, tueuse de vampires
19%
Only lovers left alive
13%
Les Charlots contre Dracula
10%
Morse
10%
Vampire humaniste cherche suicidaire consentant
7%
Thirst, ceci est mon sang
4%
Vampyr
4%
Vampire Hunter D: Bloodlust
3%
Aucun quiz correspondant
Distribution des résultats
% des personnes avec chaque résultat
Percentile par nombre de réponses
Votre historique - résultats
Vous n’avez pas pris ce quiz